| 000 | 01706nam0a22003251 4500 | ||
|---|---|---|---|
| 001 | v19\rc\1904195 | ||
| 005 | 20251118180522.6 | ||
| 035 | _a(NLR Aleph) 004992283 | ||
| 090 |
_a6298839 _c6298839 |
||
| 100 | _a20080404d1911 u y0rusy50 ca | ||
| 101 | 0 | _arus | |
| 102 | _aRU | ||
| 105 | _aa z ||||| | ||
| 200 | 1 |
_aМатериалы по вопросу о переустройстве водоснабжения гор. С.-Петербурга _e(Исслед. воды Ладож. озера, Гатчин. и др. ключевых источников) _fС прил. докл. пр. А. Саткевича и пр. М. Ясюковича: "Основные соображения для проектирования Ладожского водопровода" _gКомис. по изысканиям и исслед. Ладож. озера и ключевых источников |
|
| 210 |
_aСанкт-Петербург _cГор. тип. _d1911 |
||
| 215 |
_a[4], 544, 30 с. _cчерт. _d25 |
||
| 309 | _aПрил. имеет отд. тит. л. | ||
| 532 | 1 | 2 | _aМатериалы по вопросу о переустройстве водоснабжения города С.-Петербурга |
| 712 | 0 | 2 |
_aКомиссия по изысканиям и исследованиям Ладожского озера и ключевых источников _cПетербург |
| 801 | 0 |
_aRU _bNLR _gpsbo |
|
| 801 | 0 |
_aRU _bRuMoRGB _2psbo |
|
| 801 | 1 |
_aRU _bProSoft-M _2rusmarc |
|
| 852 |
_aNLR _j37.33.7.73 |
||
| 899 |
_aRuMoRGB _jU 86/128 |
||
| 899 | _aБАН | ||
| 899 |
_aRuMoRGB _jJ 89/247 |
||
| 899 |
_aRuMoRGB _jP 51/369 |
||
| 899 |
_aRuMoRGB _jM 156/21 |
||
| 942 | _cBOOK | ||
| 980 | _aNB | ||